000 00509nam a2200205Ia 4500
005 20140403135304.0
008 140130s9999 xx 000 0 und d
020 _a9780439594288
050 _aPZ 7
_b.H1457Ou 2003
100 _aHall, Kirsten.
_931145
245 _cKirsten Hall.
_aOur tea party /
260 _bScholastic,
_cc2003.
_aUSA :
300 _a30 p. :
_bill. col. ;
_c18 cm.
440 _v1
_931146
521 _aBR
526 _cBR
942 _cBK
_2lcc
999 _c41539
_d41539